Guess the kpop idol pt2 - Statistics

General Stats
  • This quiz has been taken 217 times
  • The average score is 17 of 28
Answer Stats
Picture Answer % Correct
Rose
93%
I.N
91%
Jungkook
89%
Soyeon
85%
Yeonjun
85%
Momo
84%
Winter
84%
Sungho
80%
Sunghoon
79%
Chaeryeong
77%
Ricky
77%
The8/Minghao
74%
Chaewon
72%
Hyein
66%
Solar
65%
Mingi
62%
Jeon Somi
61%
Belle
60%
Taeyong
59%
Chiquita
48%
Jongseob
46%
Huening Bahiyyih
40%
Jisung
40%
Sunwoo
32%
Baekhyun
29%
Yangyang
23%
Yoshi
23%
Sungchan
21%
No matching quizzes found
Score Distribution
Percent of People with Each Score
Percentile by Number Answered
Your Score History
You have not taken this quiz